[Neitmann, Klaus: der Hochmeister des Deutschen Ordens in Preußen - ein Residenzherrscher unterwegs]

Titel: [Neitmann, Klaus: der Hochmeister des Deutschen Ordens in Preußen - ein Residenzherrscher unterwegs] / Martin Armgart
Verfasser:
In: Altpreußische Geschlechterkunde, Band 23 (1993), Seite 525-526
alle Artikel anzeigen
Veröffentlicht: 1993
Format: Aufsatz
Sprache: Deutsch
Schlagworte:
Kein Bild verfügbar
X
alg: 43152570
001A    $03025:18-05-18 
001B    $01999:18-05-18 $t22:44:06.000 
001C    $03025:18-05-18 $t13:51:06.000 
001D    $03025:18-05-18 
001U    $0utf8 
001X    $00 
002@    $0Aou 
002C    $aText $btxt $2rdacontent 
002D    $aohne Hilfsmittel zu benutzen $bn $2rdamedia 
002E    $aBand $bnc $2rdacarrier 
003@    $0431525706 
007A    $0431525706 $aHEB 
010@    $ager 
010E    $erda 
011@    $a1993 
013D    $#Newspapers Sections, columns, etc. Reviews $#Book reviewing $#Journaux Cahiers, chroniques, etc. Comptes rendus $#Livres Recension $#Rezension $#Buchbesprechung $#Buchrezension $#Buchkritik $74049712-4 $8Rezension [Ts1] $9085138568 
021A    $a[Neitmann, Klaus: der Hochmeister des Deutschen Ordens in Preußen - ein Residenzherrscher unterwegs] $hMartin Armgart 
028A    $BVerfasser $4aut $717254825X $8Armgart, Martin$Z1960- [Tp1] $9296737143 
031A    $d23 $h525-526 $j1993 
039B    $aEnthalten in $8--Abvc--. Altpreußische Geschlechterkunde. - Hamburg : Verein für Familienforschung in Ost- und Westpreussen, 1927-2020. - ISSN 0344-5593 $x199300000230000475 $904779495X 
039T    $aRezension von $8--Aauc--Neitmann, Klaus$Z1954- [Tp1]. Der @Hochmeister des Deutschen Ordens in Preußen - ein Residenzherrscher unterwegs. - Köln {[u.a.] : Böhlau, 1990. - XIII, 161 S.. - ISBN 3-412-16789-4 $9013278843 
045T    $a8,1 $a9,10 

lok: 43152570 78

exp: 43152570 78 1 #EPN
201B/01 $018-05-18 $t13:51:06.000 
201C/01 $018-05-18 
201U/01 $0utf8 
203@/01 $01022052918 
208@/01 $a18-05-18 $be 
209A/01 $a/ $f000 $x00 
209A/01 $ab*p $x01 
220C/01 $awma 
244Z/01 $#Preußen $#Preußen $#Brandenburg-Preußen $#Königreich Preußen $#Preußische Staaten $#Preußischer Staat $#Der @Preußische Staat $#Königlich Preußische Staaten $#Prusy Królewskie $#Königlich Preußen $#Prussia $74047194-9 $8--Tg1--Preußen $x11 $9085131652 
247C/01 $82080>Marburg/Lahn, Herder-Institut, Forschungsbibliothek, Bibliographieportal $9336309341
LEADER 00000caa a2200000 c 4500
001 431525706
003 DE-603
005 20180518224406.0
007 tu
008 180518s1993 xx |||| | u00||u|ger c
035 |a (DE-599)HEB431525706 
040 |a DE-603  |b ger  |c DE-603  |d DE-603  |e rda 
041 |a ger 
084 |a 8,1  |a 9,10  |2 ssgn 
100 1 |a Armgart, Martin  |d 1960-  |e Verfasser  |4 aut  |0 (DE-603)296737143  |0 (DE-588)17254825X  |2 gnd 
245 0 0 |a [Neitmann, Klaus: der Hochmeister des Deutschen Ordens in Preußen - ein Residenzherrscher unterwegs]  |c Martin Armgart 
264 0 |c 1993 
336 |a Text  |b txt  |2 rdacontent 
337 |a ohne Hilfsmittel zu benutzen  |b n  |2 rdamedia 
338 |a Band  |b nc  |2 rdacarrier 
655 7 |a Rezension  |2 gnd-content  |0 (DE-588)4049712-4  |0 (DE-603)085138568 
773 0 8 |i Enthalten in  |t Altpreußische Geschlechterkunde  |d Hamburg : Verein für Familienforschung in Ost- und Westpreussen, 1927-2020  |x 0344-5593  |g Band 23 (1993), Seite 525-526  |w (DE-603)04779495X  |w (DE-600)532741-6 
787 0 8 |i Rezension von  |a Neitmann, Klaus, 1954-  |t ˜Derœ Hochmeister des Deutschen Ordens in Preußen - ein Residenzherrscher unterwegs  |d Köln ˜[u.a.] œ: Böhlau, 1990  |h XIII, 161 S.  |z 3412167894  |w (DE-603)013278843 
924 0 |9 2080  |a (DE-603)1022052918  |b DE-2080  |c HES  |d d  |g /